000 00862nam a2200265Ia 4500
003 OSt
005 20221005111921.0
006 a|||||r|||| 00| 0
007 ta
008 221004b |||||||| |||| 00| 0 san d
024 _a31733
037 _cTextual
040 _aCRL
_cCRL
_bsan
041 _2san
_asan
082 _aP15,C301x1,1, 152K9
100 _aपाणिनी
245 0 _aधातुपाठ
246 _aDhātupāṭha
260 _aवाराणसी
_bचौखम्बा संस्कृत सीरीज आफिस
_c1969
300 _a52पृ.
_ccm.
490 _aहरिदास संस्कृत ग्रन्थमाला; 281
650 _aहिन्दी भाषा
942 _hP15,C301x1,1, 152K9
_cTEXL
_2cc
999 _c1023292
_d1023292